Statistics for Hooked on a Feeling - Blue Swede (Lyrics)

Click here to take the quiz!

General Stats

  • This quiz has been taken 25 times
  • The average score is 165 of 212

Answer Stats

Lyric% Correct
a
100%
feeling
100%
I
100%
You
100%
you
100%
can
94%
hooked
94%
I'm
94%
i'm
94%
me
94%
on
94%
in
89%
In
89%
When
89%
can't
83%
high
83%
of
83%
stop
83%
this
83%
your
83%
Deep
78%
Girl,
78%
girl
78%
inside
78%
love
78%
ooga
78%
Ooga
78%
That
78%
with
78%
All
72%
all
72%
arms
72%
believing
72%
chaka
72%
For
72%
for
72%
Got
72%
got
72%
hold
72%
let
72%
so
72%
the
72%
tight
72%
you're
72%
another
67%
cup
67%
do
67%
is
67%
know
67%
my
67%
to
67%
What
67%
wine
67%
don't
61%
Everything's
61%
it
61%
mind
61%
right
61%
turn
61%
And
56%
as
56%
candy
56%
from
56%
good
56%
Lips
56%
sweet
56%
taste
56%
alone
50%
cure
50%
If
50%
just
50%
Keep
50%
need
50%
no
50%
realize
50%
up,
50%
we're
50%
Yeah,
50%
But
44%
sure
44%
thirsty
44%
said
39%
bug
33%
stay
33%
It's
28%
victim
28%

Score Distribution

Percentile by Number Answered

Percent of People with Each Score

Your Score History

You have not taken this quiz